00246nam a2200109Ia 4500008004100000100001600041245002400057260001700081650001400098942000700112999001700119190216s9999||||xx |||||||||||||| ||und|| aAdam Chovva 0aVivaham Oru Padanam bNbs Kottayam aPsycology cBK c24831d24831